Alle IOC-Präsidenten - Statistiken

Allgemein
  • Dieses Quiz wurde 9 mal gespielt
  • Das Durchschnittsergebnis liegt bei 7 aus 12
Antwortstatistiken
Amtszeit Nation Präsident % Korrekt
1952 - 1972 USA Avery Brundage
86%
seit 2025 Simbabwe Kirsty Coventry
86%
1896 - 1916 Frankreich Pierre de Coubertin
86%
1919 - 1925 Frankreich Pierre de Coubertin
86%
2013 - 2025 Deutschland Thomas Bach
86%
1980 - 2001 Spanien Juan Antonio Samaranch
71%
2001 - 2013 Belgien Jacques Rogge
57%
1894 - 1896 Griechenland Dimitrios Vikelas
29%
1925 - 1942 Belgien Henri de Baillet-Latour
29%
1946 - 1952 Schweden Sigfrid Edström
29%
1916 - 1919 Schweiz Godefroy de Blonay
14%
1972 - 1980 Irland Lord Killanin
14%
Keine übereinstimmenden Quizze gefunden
Verteilung der Resultate
Anzahl Personen mit jedem Resultat
Perzentil nach korrekt beantworteten Fragen
Ihre Resultats-Entwicklung
Sie haben dieses Quiz noch nicht gespielt